[Event "AUTO-ADV-2961"]
[Site "http://www.queenalice.com/game.php?id=1218413"]
[Date "2013.9.20"]
[Round "1"]
[White "favazza2007"]
[Black "mikena_zaitsev"]
[Result "0-1"]
[WhiteElo "2062"]
[BlackElo "1872"]

1. c4 Nf6 2. Nc3 e6 3. d4 Bb4 4. Bd2 O-O 5. a3 Bxc3 6. bxc3 d5 7. cxd5 exd5 8.
Bg5 c5 9. dxc5 h6 10. Bxf6 Qxf6 11. Qd4 Qe7 12. Nf3 Nc6 13. Qxd5 Rd8 14. Qc4 Be6
15. Qh4 Qxc5 16. Rc1 Qxa3 17. Qf4 Nb4 18. cxb4 Rac8 19. Rxc8 Rxc8 20. e4 Rc1+
21. Ke2 Bc4+ 22. Kd2 Qc3# 0-1

[Event "AUTO-ADV-2961"]
[Site "http://www.queenalice.com/game.php?id=1218414"]
[Date "2013.9.20"]
[Round "1"]
[White "mikena_zaitsev"]
[Black "favazza2007"]
[Result "1-0"]
[WhiteElo "1950"]
[BlackElo "1919"]

1. e4 d5 2. exd5 Nf6 3. Bb5+ Bd7 4. Bc4 e6 5. Nc3 exd5 6. Nxd5 Nxd5 7. Bxd5 Bc6
8. Qe2+ Qe7 9. Qxe7+ Bxe7 10. Bf3 O-O 11. d4 Bxf3 12. Nxf3 Nd7 13. Bf4 Rfe8 14.
O-O-O Bd6 15. Bxd6 cxd6 16. Rhe1 h6 17. Rxe8+ Rxe8 18. Re1 Rxe1+ 19. Nxe1 f5 20.
Nd3 a5 21. c4 g5 22. Kc2 Kf7 23. c5 dxc5 24. Nxc5 Nxc5 25. dxc5 Ke6 26. b4 axb4
27. Kb3 Kd5 28. Kxb4 Kc6 29. Kc4 f4 30. f3 h5 31. h3 h4 32. a3 b6 33. cxb6 Kxb6
34. Kd5 Kb5 35. Ke5 Ka4 36. Kf5 Kxa3 37. Kxg5 1-0

[Event "AUTO-MASTER-1996"]
[Site "http://www.queenalice.com/game.php?id=1239159"]
[Date "2013.12.10"]
[Round "1"]
[White "MarceloPadre"]
[Black "mikena_zaitsev"]
[Result "0-1"]
[WhiteElo "1959"]
[BlackElo "2095"]

1. d4 Nf6 2. c4 e6 3. Nc3 Bb4 4. Nf3 c5 5. d5 d6 6. Bg5 h6 7. Bxf6 Qxf6 8. Rc1
exd5 9. cxd5 O-O 10. e4 Qg6 11. Nd2 f5 12. f3 Nd7 13. exf5 Rxf5 14. Nde4 Nf6 15.
Kf2 c4 16. Bxc4 Bxc3 17. Nxc3 Ng4+ 18. Ke2 Re5+ 19. Ne4 Bf5 20. Bd3 Bxe4 21.
Bxe4 Rxe4+ 0-1

[Event "AUTO-MASTER-1996"]
[Site "http://www.queenalice.com/game.php?id=1239160"]
[Date "2013.12.10"]
[Round "1"]
[White "mikena_zaitsev"]
[Black "MarceloPadre"]
[Result "1-0"]
[WhiteElo "2005"]
[BlackElo "1988"]

1. e4 c6 2. d4 d5 3. e5 Bf5 4. Nf3 e6 5. Be2 c5 6. Be3 cxd4 7. Nxd4 Bg6 8. O-O
Ne7 9. c4 Nbc6 10. Qb3 Nxd4 11. Bxd4 Nc6 12. Rd1 Rc8 13. Nc3 dxc4 14. Qxb7 Rc7
15. Qb5 Bd3 16. Bxd3 Qxd4 17. Bxc4 Qxe5 18. Bd5 Qd6 19. Bxe6 1-0

[Event "AUTO-MASTER-1996"]
[Site "http://www.queenalice.com/game.php?id=1239175"]
[Date "2013.12.10"]
[Round "1"]
[White "mikena_zaitsev"]
[Black "LOMBARDY"]
[Result "1-0"]
[WhiteElo "2125"]
[BlackElo "1964"]

1. e4 e5 2. Nf3 Nc6 3. d4 exd4 4. Nxd4 Bc5 5. Be3 Qf6 6. c3 Nge7 7. Bc4 d6 8.
O-O Be6 9. Nxe6 fxe6 10. Bxc5 dxc5 11. f4 Rd8 12. Qh5+ 1-0

[Event "AUTO-MASTER-1996"]
[Site "http://www.queenalice.com/game.php?id=1239176"]
[Date "2013.12.10"]
[Round "1"]
[White "LOMBARDY"]
[Black "mikena_zaitsev"]
[Result "0-1"]
[WhiteElo "1974"]
[BlackElo "2117"]

1. f4 d5 2. Nf3 Nf6 3. g3 g6 4. Bg2 Bg7 5. O-O O-O 6. d3 Nc6 7. Re1 Re8 8. Nc3
e5 9. fxe5 Nxe5 10. Nxe5 Rxe5 11. Bf4 Re8 0-1

[Event "AUTO-MASTER-1996"]
[Site "http://www.queenalice.com/game.php?id=1239177"]
[Date "2013.12.10"]
[Round "1"]
[White "mikena_zaitsev"]
[Black "docb"]
[Result "1-0"]
[WhiteElo "1984"]
[BlackElo "2101"]

1. e4 Nc6 2. d4 d5 3. Nc3 dxe4 4. d5 Ne5 5. Bf4 Ng6 6. Bg3 Nf6 7. Nb5 Bg4 8. f3
exf3 9. gxf3 e5 10. dxe6 Qxd1+ 11. Rxd1 Bd6 12. fxg4 O-O 13. Nxd6 cxd6 14. exf7+
Rxf7 15. Bc4 d5 16. Rxd5 Re8+ 17. Ne2 1-0

[Event "AUTO-MASTER-1996"]
[Site "http://www.queenalice.com/game.php?id=1239178"]
[Date "2013.12.10"]
[Round "1"]
[White "docb"]
[Black "mikena_zaitsev"]
[Result "0-1"]
[WhiteElo "2099"]
[BlackElo "2105"]

1. e4 e5 2. Nf3 Nc6 3. Bc4 Nf6 4. d3 Be7 5. O-O O-O 6. Nc3 d6 7. h3 Na5 8. Bb3
Nxb3 9. axb3 c6 10. d4 d5 11. dxe5 Nxe4 12. Ra4 b5 13. Rd4 Nxc3 14. bxc3 a5 15.
c4 Bc5 16. Rf4 dxc4 17. Qxd8 Rxd8 18. bxc4 Be6 19. cxb5 cxb5 20. Nd2 a4 21. Ne4
Bd4 22. Ba3 Bxe5 23. Rf3 Rac8 24. Nc5 Bd5 25. Rd3 Bc4 26. Rxd8+ Rxd8 27. Re1 f6
28. Na6 Rd2 29. Nb4 Bc3 30. Rc1 Kf7 31. f3 Kg6 32. Kh2 Be5+ 33. Kg1 Kh5 34. Nc6
Bf4 35. Ne7 g6 36. Nc8 Rd8 0-1

[Event "AUTO-ADV-2961"]
[Site "http://www.queenalice.com/game.php?id=1241871"]
[Date "2013.12.22"]
[Round "2"]
[White "mikena_zaitsev"]
[Black "Fervac763"]
[Result "1-0"]
[WhiteElo "2141"]
[BlackElo "2156"]

1. e4 c5 2. d4 cxd4 3. c3 d3 4. Bxd3 Nc6 5. Nf3 d6 6. O-O g6 7. Na3 Bg7 8. Bf4
Bg4 9. Qb3 Qd7 10. Ng5 Be6 11. Nxe6 fxe6 12. Rad1 a6 13. Nc4 Qc7 14. Nb6 Rd8 15.
Be3 Nf6 16. Qxe6 Ne5 17. Bc2 Nfd7 18. Nd5 1-0

[Event "AUTO-ADV-2961"]
[Site "http://www.queenalice.com/game.php?id=1241872"]
[Date "2013.12.22"]
[Round "2"]
[White "Fervac763"]
[Black "mikena_zaitsev"]
[Result "0-1"]
[WhiteElo "2144"]
[BlackElo "2153"]

1. d4 Nf6 2. Nf3 e6 3. c4 d5 4. Nc3 c6 5. Bg5 h6 6. Bxf6 Qxf6 7. e3 Nd7 8. Qc2
Be7 9. Bd3 dxc4 10. Bxc4 O-O 11. O-O e5 12. d5 Nb6 13. Bb3 Bf5 14. e4 Bg4 15.
Nd2 Rfd8 16. f3 Bh5 17. Kh1 Bg6 18. Rfd1 cxd5 19. Nxd5 Nxd5 0-1

[Event "Let's Play Chess!"]
[Site "http://www.queenalice.com/game.php?id=1243958"]
[Date "2013.12.31"]
[Round "-"]
[White "mikena_zaitsev"]
[Black "philler"]
[Result "1-0"]
[WhiteElo "2132"]
[BlackElo "2046"]

1. e4 c5 2. Nf3 d6 3. d4 cxd4 4. Nxd4 Nf6 5. Nc3 a6 6. Bg5 e6 7. Qf3 Be7 8.
O-O-O Nbd7 9. Rg1 Qc7 10. g4 Ne5 11. Qh3 b5 12. f4 Ned7 13. Bg2 Bb7 14. a3 O-O-O
15. Bxf6 Nxf6 16. g5 Nd7 17. f5 e5 18. f6 gxf6 19. Nf5 Bf8 20. gxf6 Kb8 21. Qh4
Re8 22. Ne3 1-0

[Event "Let's Play Chess!"]
[Site "http://www.queenalice.com/game.php?id=1246500"]
[Date "2014.1.9"]
[Round "-"]
[White "BartolomeuDias"]
[Black "mikena_zaitsev"]
[Result "1/2-1/2"]
[WhiteElo "2515"]
[BlackElo "2165"]

1. e4 e5 2. Nf3 Nc6 3. d4 exd4 4. Nxd4 Bc5 5. Nxc6 bxc6 6. Bd3 d5 7. O-O dxe4 8.
Bxe4 Qxd1 9. Rxd1 Ne7 10. Bf4 Bb6 11. Nc3 f6 12. a4 a5 13. Rd2 Kf7 14. Re1 Be6
15. h3 g6 16. Red1 g5 17. Be3 Bxe3 18. fxe3 f5 19. Bd3 Kg7 20. b3 Rad8 21. Ne2
c5 22. e4 f4 23. Nc3 Rd7 24. e5 h6 25. Bb5 Rxd2 26. Rxd2 Kf7 27. h4 gxh4 28. Rf2
Ng6 29. Ne2 Nxe5 30. Nxf4 Ke7 31. Re2 Kd6 32. Rd2+ Ke7 33. Nd5+ Bxd5 34. Rxd5
Ke6 35. Rxc5 Kd6 36. Rc3 Rf8 37. Re3 Rf4 38. Re2 1/2-1/2

[Event "Let's Play Chess!"]
[Site "http://www.queenalice.com/game.php?id=1246501"]
[Date "2014.1.9"]
[Round "-"]
[White "BartolomeuDias"]
[Black "mikena_zaitsev"]
[Result "1/2-1/2"]
[WhiteElo "2508"]
[BlackElo "2176"]

1. d4 Nf6 2. Bf4 d5 3. e3 c5 4. Nf3 Nc6 5. h3 cxd4 6. exd4 Bf5 7. Bd3 e6 8. Bxf5
exf5 9. O-O Be7 10. Qd3 Ne4 11. Nc3 a6 12. Ne5 Rc8 13. Nxc6 Rxc6 14. Nd1 g6 15.
Bh6 Bg5 16. Bxg5 Nxg5 17. Re1+ Ne6 18. Nc3 O-O 19. Rad1 Qd7 20. Re5 Rd6 21. Qg3
f4 22. Qf3 Rd8 23. h4 h5 24. a3 Kg7 25. Rd2 b5 26. Na2 a5 27. c3 Rc8 28. Nc1 b4
29. axb4 axb4 30. Na2 bxc3 31. bxc3 Rc4 32. Kh2 Qd8 33. g3 Qc7 34. Kg2 Ra6 35.
Nb4 Rxc3 36. Nxa6 Qc4 37. Qd1 Qxa6 38. Qf1 1/2-1/2

[Event "AUTO-MASTER-1996"]
[Site "http://www.queenalice.com/game.php?id=1262474"]
[Date "2014.3.5"]
[Round "2"]
[White "astrologo"]
[Black "mikena_zaitsev"]
[Result "1/2-1/2"]
[WhiteElo "2193"]
[BlackElo "2199"]

1. e4 e5 2. Nf3 Nc6 3. Bb5 a6 4. Ba4 Nf6 5. O-O Be7 6. Re1 b5 7. Bb3 O-O 8. c3
d6 9. h3 Bb7 10. d4 Re8 11. Nbd2 Bf8 12. a4 h6 13. Bc2 exd4 14. cxd4 Nb4 15. Bb1
bxa4 16. Rxa4 a5 17. Qb3 c5 18. d5 Rc8 19. Nc4 Ra8 20. Qc3 Bc8 21. Qa3 Ba6 22.
b3 Bb5 23. Rxa5 Rxa5 1/2-1/2

[Event "AUTO-MASTER-1996"]
[Site "http://www.queenalice.com/game.php?id=1262475"]
[Date "2014.3.5"]
[Round "2"]
[White "mikena_zaitsev"]
[Black "astrologo"]
[Result "1-0"]
[WhiteElo "2207"]
[BlackElo "2193"]

1. e4 c5 2. Nf3 d6 3. d4 cxd4 4. Nxd4 Nf6 5. Nc3 g6 6. Be3 Bg7 7. f3 O-O 8. Qd2
Nc6 9. Bc4 Bd7 10. O-O-O Ne5 11. Bb3 Rc8 12. Kb1 Nc4 13. Bxc4 Rxc4 14. g4 Qa5
15. Nb3 Qc7 16. e5 Ne8 17. Nd5 Qd8 18. Bg5 f6 19. Na5 fxg5 20. Nxc4 e6 21. Nb4
d5 22. Rhe1 Rxf3 23. Nxd5 Rf4 24. Nxf4 1-0

[Event "AUTO-MASTER-1996"]
[Site "http://www.queenalice.com/game.php?id=1262480"]
[Date "2014.3.5"]
[Round "2"]
[White "mikena_zaitsev"]
[Black "CCapivara"]
[Result "1-0"]
[WhiteElo "2186"]
[BlackElo "2219"]

1. e4 d6 2. d4 Nf6 3. Nc3 c6 4. f4 Qa5 5. Bd2 Qb6 6. Nf3 Bg4 7. e5 Nd5 8. exd6
e6 9. Ne4 Nd7 10. c4 N5f6 11. c5 Qxb2 12. Nc3 Bxf3 13. gxf3 Nd5 14. Nxd5 cxd5
15. Rb1 Qxd4 16. Rxb7 Nxc5 17. Bb5+ Kd8 18. Ba5+ Kc8 19. Rc7+ Kb8 20. Qxd4 1-0

[Event "AUTO-MASTER-1996"]
[Site "http://www.queenalice.com/game.php?id=1262481"]
[Date "2014.3.5"]
[Round "2"]
[White "CCapivara"]
[Black "mikena_zaitsev"]
[Result "0-1"]
[WhiteElo "2157"]
[BlackElo "2224"]

1. e4 e5 2. Nf3 Nc6 3. Bc4 Nf6 4. d3 Bc5 5. O-O a6 6. Nc3 O-O 7. Bg5 b5 8. Bb3
h6 9. Bh4 Be7 10. Bxf6 Bxf6 11. Nd5 Bb7 12. c3 Na5 13. Re1 Nxb3 14. Qxb3 Re8 15.
a4 Bxd5 16. exd5 c6 17. Nd2 bxa4 18. Rxa4 Rb8 19. Qa2 cxd5 20. Rxa6 Ra8 21. h3
Rxa6 22. Qxa6 Qb8 23. b4 e4 24. d4 Qc7 25. c4 Bxd4 26. c5 Qf4 27. Qe2 e3 28. Kh1
exd2 29. Qxe8+ Kh7 30. Rd1 Qxf2 31. Qe7 Be3 32. Kh2 Qe1 33. Qxf7 Bg1+ 34. Kh1
Bf2+ 0-1

[Event "AUTO-MASTER-1996"]
[Site "http://www.queenalice.com/game.php?id=1262482"]
[Date "2014.3.5"]
[Round "2"]
[White "mikena_zaitsev"]
[Black "kookaburra"]
[Result "1-0"]
[WhiteElo "2199"]
[BlackElo "2231"]

1. e4 c5 2. Nf3 a6 3. c3 d5 4. exd5 Qxd5 5. d4 e6 6. Nbd2 cxd4 7. Bc4 Qa5 8.
Nxd4 Nf6 9. O-O Be7 10. Bb3 O-O 11. Nc4 Qc7 12. Re1 Nc6 13. Nxc6 Qxc6 14. Ne5
Qc7 15. Bf4 Qc5 16. Qf3 Nd5 17. Nd3 Qb6 18. Bxd5 exd5 19. Rxe7 Be6 20. Re1 Rac8
21. Be5 Kh8 22. Bd4 Qd6 23. R1xe6 1-0

[Event "AUTO-MASTER-1996"]
[Site "http://www.queenalice.com/game.php?id=1262483"]
[Date "2014.3.5"]
[Round "2"]
[White "kookaburra"]
[Black "mikena_zaitsev"]
[Result "0-1"]
[WhiteElo "2218"]
[BlackElo "2212"]

1. e4 e5 2. f4 exf4 3. Nf3 g5 4. Bc4 Bg7 5. d4 d6 6. h4 h6 7. Nc3 Nc6 8. Nd5 g4
9. c3 gxf3 10. Qxf3 Be6 11. Bxf4 Qd7 12. Qg3 Bf8 13. O-O-O O-O-O 14. Rhf1 Nce7
15. Nxe7+ Nxe7 16. d5 Bg4 17. Rd2 Ng6 18. Be3 Be7 19. Bb5 Qxb5 20. Qxg4+ Kb8 21.
Rh1 Rdg8 22. Kb1 Nxh4 23. Qh3 Bg5 24. Bxg5 hxg5 25. Qg4 Nf3 0-1

[Event "AUTO-OPEN-3083"]
[Site "http://www.queenalice.com/game.php?id=1269652"]
[Date "2014.4.1"]
[Round "2"]
[White "goldenboy"]
[Black "mikena_zaitsev"]
[Result "1-0"]
[WhiteElo "2047"]
[BlackElo "2216"]

1. e4 c5 2. f4 d5 3. exd5 Nf6 4. c4 e6 5. dxe6 Bxe6 6. Nf3 Nc6 7. Nc3 Bd6 8. d4
Qe7 9. dxc5 Bxc4+ 10. Be2 Bxc5 11. Ne5 Nxe5 12. fxe5 1-0

[Event "AUTO-OPEN-3083"]
[Site "http://www.queenalice.com/game.php?id=1269653"]
[Date "2014.4.1"]
[Round "2"]
[White "mikena_zaitsev"]
[Black "goldenboy"]
[Result "0-1"]
[WhiteElo "2234"]
[BlackElo "2023"]

1. e4 e5 2. Nf3 Nc6 3. d4 exd4 4. Nxd4 Qf6 5. Nxc6 dxc6 6. Bd3 Bc5 7. O-O Ne7 8.
Qh5 Bd4 9. c3 g6 10. Qe2 Bb6 11. Nd2 O-O 12. e5 Qg7 13. Ne4 Qxe5 14. Bg5 Qe6 0-1